Countries by Things - Statistics

General Stats
  • This quiz has been taken 99 times
  • The average score is 16 of 20
Answer Stats
Hint Answer % Correct
Bollywood India
99%
Big Ben United Kingdom
99%
BMW Germany
98%
Pizza Italy
97%
Sushi Japan
96%
Panda China
92%
Great Barrier Reef Australia
91%
Stockholm Sweden
91%
Chernobyl Ukraine
91%
Olympics Greece
90%
Samsung South Korea
90%
Giza Egypt
88%
Machu Picchu Peru
88%
Constantinople Turkey
88%
Sputnik Russia
85%
Seville Spain
85%
Carnaval Brazil
76%
Denali United States
56%
Mansa Musa Mali
26%
Sind Pakistan
22%
No matching quizzes found
Score Distribution
Percent of People with Each Score
Percentile by Number Answered
Your Score History
You have not taken this quiz